000 00875nam a2200241Ia 4500
003 GCL
005 20240530103453.0
008 140319s9999 xx 000 0 ara d
040 _aGCL /
_cGCL
082 0 4 _a301.243
_bس ص
100 1 _aالسيد الحسينى
245 1 0 _aالصناعة والمجتمع فى اقطار العالم الثالث /
_cالسيد الحسينى
650 0 4 _aالنظم الاقتصادية
650 0 4 _aالجوانب الاجتماعية
650 0 4 _aالصناعة
650 0 4 _aالعلاقات الصناعية
650 0 4 _aالاجتماع، علم
650 0 4 _aالاجتماع الصناعى، علم
650 0 4 _aالدول النامية -الاحوال السياسية
650 0 4 _aالدول النامية - الاحوال الاقتصادية
700 1 _aالسيد الحسينى
942 _2ddc
_cBK
999 _c39696
_d39696